| 000 | 00611nam a2200193 i 4500 | ||
|---|---|---|---|
| 001 | 63368 | ||
| 003 | ES-MaACL | ||
| 005 | 20240510214020.0 | ||
| 007 | t| | ||
| 008 | 031209s1913 sp ||||1| spa d | ||
| 100 | 1 |
_aFerraz Penelas, Félix Mª. _950346 |
|
| 245 | 1 | 3 |
_aEl Maestre Racional y la Hacienda foral de Valencia / _cJulio Mª Ferraz Penelas. |
| 260 |
_aValencia : _b[s.n.], _c1913 ( _fTip. Moderna) |
||
| 300 |
_a68 p. ; _c24 cm. |
||
| 502 | _aTesis doctoral. | ||
| 650 | 7 |
_aHacienda pública- _zComunidad Valenciana _2 _9151819 |
|
| 852 |
_aES-MaACL _jT-1371-F-2 |
||
| 999 |
_c63368 _d63368 |
||